Best Players to Ever Wear a Pelicans Jersey - Statistics

General Stats
  • This quiz has been taken 5 times
  • The average score is 9 of 20
Answer Stats
Hint Answer % Correct
2. Anthony Davis
100%
11. Baron Davis
100%
17. Brandon Ingram
100%
1. Chris Paul
100%
14. Zion Williamson
100%
16. CJ McCollum
80%
15. David West
80%
6. DeMarcus Cousins
80%
3. Jrue Holiday
80%
5. Tyson Chandler
40%
12. Jamal Mashburn
20%
20. J.R. Smith
20%
9. Peja Stojakovic
20%
7. DeAndre Jordan
0%
18. Eric Bledsoe
0%
10. Isaiah Thomas
0%
19. Jameer Nelson
0%
8. Julius Randle
0%
4. Rajon Rondo
0%
13. Tony Allen
0%
No matching quizzes found
Score Distribution
Percent of People with Each Score
Percentile by Number Answered
Your Score History
You have not taken this quiz